000
00326nam a22001457a 4500
020
_a
-
082
_a
297.12 ZAK
100
_a
Zakia, Arshad Hameed
245
_a
Naqsh-e-Pa (Urdu)
260
_a
Rawalpindi
_b
Matboo, at-e-Sulemania
_c
2007
300
_a
160 p.:
500
_a
Includes index
650
_a
Islam
942
_c
BK
999
_c
490842
_d
490842